| 000 | 00573pam a2200157a 44500 | ||
|---|---|---|---|
| 008 | 230405s1996 xxu||||| |||| 00| 0 eng d | ||
| 041 | _aHIN | ||
| 100 | _aत्रिवेदी कैलाशनाथ | ||
| 245 | _aसाहित्यिक एव् सांस्कृतिक निबंध | ||
| 260 |
_aकानपूर _bआराधना ब्रादार्स _c1996 |
||
| 300 | _a204p. | ||
| 440 | _aSOURES = आराधना ब्रदसॆ , कानपूर | ||
| 650 | _aHINDI FICTION | ||
| 690 | _aHINDI FICTION | ||
| 906 | _a9255 | ||
| 999 |
_c789475 _d789475 |
||